LEADER 04684nam 22006374a 450 001 9910458445603321 005 20200520144314.0 010 $a1-280-91533-1 010 $a9786610915330 010 $a90-474-0565-X 010 $a1-4294-0710-7 024 7 $a10.1163/9789047405658 035 $a(CKB)1000000000400544 035 $a(EBL)3004008 035 $a(SSID)ssj0000124674 035 $a(PQKBManifestationID)11129773 035 $a(PQKBTitleCode)TC0000124674 035 $a(PQKBWorkID)10024400 035 $a(PQKB)11378789 035 $a(MiAaPQ)EBC3004008 035 $a(nllekb)BRILL9789047405658 035 $a(PPN)178919446 035 $a(Au-PeEL)EBL3004008 035 $a(CaPaEBR)ebr10175412 035 $a(CaONFJC)MIL91533 035 $a(OCoLC)191929162 035 $a(EXLCZ)991000000000400544 100 $a20040302d2004 uy 0 101 0 $aeng 135 $aur||||||||||| 181 $ctxt$2rdacontent 182 $cc$2rdamedia 183 $acr$2rdacarrier 200 14$aThe collected biblical writings of T.C. Skeat$b[electronic resource] /$fintroduced and edited by J.K. Elliott 210 $aLeiden ;$aBoston $cBrill$d2004 215 $a1 online resource (335 pages) 225 1 $aSupplements to Novum Testamentum,$x0167-9732 ;$vv. 113 300 $aDescription based upon print version of record. 311 $a90-04-13920-6 320 $aIncludes bibliographical references and indexes. 327 $tPreliminary Material /$rJ.K. Elliott -- $tThe Use of Dictation in Ancient Book-Production /$rJ.K. Elliott -- $tEarly Christian Book-Production: Papyri and Manuscripts /$rJ.K. Elliott -- $tTwo Notes on Papyrus /$rJ.K. Elliott -- $tThe Length of the Standard Papyrus Roll and the Cost-Advantage of the Codex /$rJ.K. Elliott -- $tRoll Versus Codex?A New Approach? /$rJ.K. Elliott -- $tIrenaeus and the Four-Gospel Canon /$rJ.K. Elliott -- $tThe Origin of the Christian Codex /$rJ.K. Elliott -- $tWas Papyrus Regarded as ?Cheap? or ?Expensive? in the Ancient World? /$rJ.K. Elliott -- $tA) Four Years? Work on the Codex Sinaiticus: Significant Discoveries in Reconditioned MS. /$rJ.K. Elliott -- $tThe Provenance of the Codex Alexandrinus /$rJ.K. Elliott -- $tThe Codex Vaticanus in the Fifteenth Century /$rJ.K. Elliott -- $tNotes on Chester Beatty Biblical Papyrus I (Gospels and Acts) /$rJ.K. Elliott -- $tA Codicological Analysis of the Chester Beatty Papyrus Codex of Gospels and Acts (P 45) /$rJ.K. Elliott -- $tThe Oldest Manuscript of the Four Gospels? /$rJ.K. Elliott -- $tThe Codex Sinaiticus, the Codex Vaticanus and Constantine /$rJ.K. Elliott -- $tThe Last Chapter in the History of the Codex Sinaiticus /$rJ.K. Elliott -- $tThe Lilies of the Field /$rJ.K. Elliott -- $tApton ?a?ein: A Note on Mark 3:20?21 /$rJ.K. Elliott -- $tA Note on ?y?mh in Mark 7:3 /$rJ.K. Elliott -- $tST. Mark 16:8: A Modern Greek Parallel /$rJ.K. Elliott -- $tThe ?Second-First? Sabbath (Luke 6:1): The Final Solution /$rJ.K. Elliott -- $tDid Paul Write to ?Bishops and Deacons? at Philippi? A Note on Philippians 1:1 /$rJ.K. Elliott -- $t?Especially the Parchments?: A Note on 2 Timothy 4:13 /$rJ.K. Elliott -- $tThe Formation of the Four-Gospel Codex: A Dramatized Account of How it May Have Come About /$rJ.K. Elliott -- $tThe Arrival of the Fifty Bibles in Constantinople /$rJ.K. Elliott -- $tT. C. Skeat on the Dating and Origin of Codex Vaticanus /$rJ.K. Elliott -- $tIndex of Biblical Citations /$rJ.K. Elliott. 330 $aA high proportion of the many articles published by the papyrologist T.C. Skeat (1907-2003), a former Keeper of Manuscripts at the British Museum, concerns the New Testament. This present collection gathers together papers on Biblical and related matters contributed by Skeat for over sixty years to various publications. The book divides these into three sections: ancient book production, studies on particular Biblical manuscripts and textual criticism. In his Introduction J.K. Elliott assesses the importance of Skeat's work and he incorporates from personal correspondence some of Skeat's later thinking on these topics. A full Bibliography of Skeat's writings is included. 410 0$aSupplements to Novum Testamentum ;$vv. 113. 606 $aCodicology 608 $aElectronic books. 615 0$aCodicology. 676 $a225.4/86 700 $aSkeat$b T. C$g(Theodore Cressy)$0204498 701 $aElliott$b J. K$g(James Keith)$0171578 801 0$bMiAaPQ 801 1$bMiAaPQ 801 2$bMiAaPQ 906 $aBOOK 912 $a9910458445603321 996 $aThe collected biblical writings of T.C. Skeat$92490975 997 $aUNINA LEADER 03411oas 2201045 a 450 001 9910141544603321 005 20260218111751.0 011 $a1939-7445 035 $a(DE-599)ZDB2030290-3 035 $a(OCoLC)51465606 035 $a(CONSER) 2007212307 035 $a(CKB)110975506071047 035 $a(DE-599)2030290-3 035 $a(EXLCZ)99110975506071047 100 $a20030117a19869999 sy a 101 0 $aeng 135 $aurmnu|||||||| 181 $ctxt$2rdacontent 182 $cc$2rdamedia 183 $acr$2rdacarrier 200 10$aNatural resource modeling 210 $a[Tempe, AZ] $cRocky Mountain Mathematics Consortium 210 2 $a[New York?] $cWiley-Blackwell 210 3 $a[Hoboken, N.J.?] $cWiley Periodicals, Inc 215 $a1 online resource 300 $aRefereed/Peer-reviewed 311 08$aPrint version: Natural resource modeling (DLC)sf 93093538 (OCoLC)14404446 0890-8575 606 $aNatural resources$xManagement$xMathematical models$vPeriodicals 606 $aEnvironmental policy$xMathematical models$vPeriodicals 606 $aEcology$xMathematical models$vPeriodicals 606 $aConservation of natural resources$xMathematical models$vPeriodicals 606 $aRessources naturelles$xGestion$xMode?les mathe?matiques$vPe?riodiques 606 $aEnvironnement$xPolitique gouvernementale$xMode?les mathe?matiques$vPe?riodiques 606 $aConservation of natural resources$xMathematical models$2fast$3(OCoLC)fst00875529 606 $aEcology$xMathematical models$2fast$3(OCoLC)fst00901509 606 $aEnvironmental policy$xMathematical models$2fast$3(OCoLC)fst00913288 606 $aNatural resources$xManagement$xMathematical models$2fast$3(OCoLC)fst01034452 608 $aPeriodicals.$2fast 608 $aPeriodicals.$2lcgft 615 0$aNatural resources$xManagement$xMathematical models 615 0$aEnvironmental policy$xMathematical models 615 0$aEcology$xMathematical models 615 0$aConservation of natural resources$xMathematical models 615 6$aRessources naturelles$xGestion$xMode?les mathe?matiques 615 6$aEnvironnement$xPolitique gouvernementale$xMode?les mathe?matiques 615 7$aConservation of natural resources$xMathematical models. 615 7$aEcology$xMathematical models. 615 7$aEnvironmental policy$xMathematical models. 615 7$aNatural resources$xManagement$xMathematical models. 676 $a510 712 02$aRocky Mountain Mathematics Consortium, 712 02$aResource Modeling Association, 801 0$bWYU 801 1$bWYU 801 2$bOCLCQ 801 2$bNSD 801 2$bEEM 801 2$bOCLCS 801 2$bOCLCQ 801 2$bHEBIS 801 2$bDEBBG 801 2$bBUF 801 2$bUBY 801 2$bZ5A 801 2$bOCLCQ 801 2$bVRC 801 2$bOCLCQ 801 2$bDLC 801 2$bOCLCF 801 2$bCOO 801 2$bOCLCO 801 2$bOCLCQ 801 2$bNLE 801 2$bOCLCQ 801 2$bUKMGB 801 2$bOCLCQ 801 2$bVT2 801 2$bNJT 801 2$bOCLCQ 801 2$bUAB 801 2$bUBY 801 2$bU3W 801 2$bOCLCQ 801 2$bUEJ 801 2$bOCLCL 801 2$bOCLCQ 906 $aJOURNAL 912 $a9910141544603321 996 $aNatural resource modeling$9976696 997 $aUNINA